Recyklované plasty - ich využitie ako zdroj plnohodnotných surovín.

Gespeichert in:
Bibliographische Detailangaben
1. Verfasser: Slosarčiková, Zuzana (Verfasst von)
Weitere Verfasser: Ledererová, Miriam (Betreuung Doktorarbeit)
Format: Manuskript Buch
Sprache:Slowakisch
Veröffentlicht: 2017
Schlagworte:
Online-Zugang:http://is.stuba.sk/zp/portal_zp.pl?podrobnosti=124556
https://opac.crzp.sk/?fn=detailBiblioForm&sid=E7FF18FD4FFD5019D8FEEA3CC38C
Tags: Tag hinzufügen
Keine Tags, Fügen Sie das erste Tag hinzu!

MARC

LEADER 00000ntm a22000003a 4500
001 stuzp63433
003 SK-STU
005 20230818102800.4
007 ta
008 150427s2015----xo-----f-mn---000-0-slo-d
040 |a STU  |b slo 
041 0 |a slo 
100 1 |a Slosarčiková, Zuzana  |u 010260  |4 aut  |U SvF Stavebná fakulta  |T SvF Katedra materiálového inžinierstva  |X 7473  |U V260  |Y 27  |7 7473 
242 0 1 |a Recycled plastics - their use as a source of full-value raw materials  |y eng 
245 1 0 |a Recyklované plasty - ich využitie ako zdroj plnohodnotných surovín. 
260 |c 2017 
650 4 |a recyklované plasty  |2 slo 
650 4 |a plastový recyklát z káblov  |2 slo 
650 4 |a penový plast EVA  |2 slo 
650 4 |a ľahký betón  |2 slo 
650 4 |a cement  |2 slo 
650 4 |a Duvilax BD – 20  |2 slo 
650 4 |a polypropylén  |2 slo 
650 4 |a lightweight concrete  |2 eng 
650 4 |a polypropylene  |2 eng 
650 4 |a glue Duvilax BD - 20  |2 eng 
650 4 |a recycled plastics  |2 eng 
650 4 |a plastic recycled from cables  |2 eng 
650 4 |a foamed plastic EVA  |2 eng 
650 4 |a cement  |2 eng 
700 1 |a Ledererová, Miriam  |u 010260  |k Z1  |4 ths  |U SvF Stavebná fakulta  |T SvF Katedra materiálového inžinierstva  |X 812  |U V260  |Y 27  |7 A000000812 
856 4 |u http://is.stuba.sk/zp/portal_zp.pl?podrobnosti=124556 
856 4 |u https://opac.crzp.sk/?fn=detailBiblioForm&sid=E7FF18FD4FFD5019D8FEEA3CC38C